000 00859cab a2200241 4500
001 ABS54316
008 090401t1996 xxu||||| |||| 00| 0 eng d
035 _a(Sirsi) u9761
041 _aeng
100 _aKean, D.
245 _aLogistics of relocation
260 _c1996
350 _a0
490 _aMunicipal Journal
_v(3) 19 January 1996, 24-27(3)
520 _aDescribes how three new unitary authorities the Isle of Wight, South Lanarkshire and Cardiff are preparing for the transfer of services from one authority to another citing problems such as surplus property holdings, information technology and relocation costs.
650 _aLOCAL AUTHORITIES
650 _aLOCAL GOVERNMENT REORGANISATION
650 _aREDUNDANT BUILDINGS
650 _aUNITARY AUTHORITIES
690 _aECONOMIC AND SOCIAL
942 _n0
948 _c04/03/1997
999 _c6138
_d6138